000 00228nam a22000857a 4500
008 161206b xxu||||| |||| 00| 0 eng d
100 _91830
_aIyer. T. V. P
245 _aScience for you -4
260 _aNew delhi
_bAsian publication
_c2007
999 _c4575
_d4575